000 00622nam a2200181Ia 4500
003 SGT
020 _a9780070659940
082 _a620.1054
_bBEE
100 _aBeer, Ferdinand P
245 _aVector mechanics for engineers Statics and dynamics (In SI Units)
250 _a8th Ed.
260 _bTata McGraw Hill Education Private Limited
_aNew Delhi
_c2007
300 _a1326p.
650 _aCIVIL ENGINEERING
653 _aINTRODUCTION, STATICS OF PARTICLES, RIGID BODIES EQUIVALENT SYSTEMS OF FORCES, ANALYSIS OF STRUCTURES, DISTRIBUTED FORCES MOMENTS OF INERTIA
700 _aJohnston, E. Russell
942 _2ddc
_cBK
999 _c5697
_d5697